00852 a2200217 4500003000500000005001700005010001700022020002800039040000900067082001300076100002200089245009300111260003600204300003300240440004600273505022200319650003500541651001100576700002500587700002200612Nust20170207154030.0 a 2002043668 a1580535976 (alk. paper) cNust00a004.67/81 aSeurre, Emmanuel.10aEDGE for mobile Internet-(E-BOOK)cEmmanuel Seurre, Patrick Savelli, Pierre-Jean Pietri. aBoston :bArtech House,cc2003. axi, 228 p. :bill. ;c24 cm. 0aArtech House mobile communications series a 1 GPRS General Overview(Page-1) 2 Introduction to EDGE(Page-51) 3 RF Physical Layer(Page-69) 4 Physical Link Layer(Page-109) 5 Impact of EGPRS on the RLC/MAC Layer(Page-139) 6 Wireless Application Protocol(Page-157)  0aTelecommunication engineering. aE-BOOK1 aPietri, Pierre-Jean.1 aSavelli, Patrick.